LDR 00735naa#a2200169#i#450# 001 RU\\bibl\123047 005 20260607084401.7 011 ## _a2782-1927 100 ## _a20260330b2026####ek#y0rusy0150####ca 102 ## _aRU 200 1# _aРазвитие креативных (творческих) кластеров в регионах России _eЖурнальная статья 210 1# _aЯрославль _cЯрославский государственный технический университет _d2026 215 ## _a13 с. 608 ## _aЖурнальная статья _2local 700 #1 _aБерендеева _gАлла Борисовна 700 #1 _aСуханова _gМария Александровна 856 4# _achemintech.ru _u